Statistics for Billy Joel Lyrics Quiz (Part 93)

Click here to take the quiz!

General Stats

  • This quiz has been taken 19 times
  • The average score is 103 of 219

Answer Stats

Answer% Correct
a
100%
I
100%
is
93%
Is
93%
it
93%
the
93%
to
93%
you
93%
And
86%
and
86%
her
86%
in
86%
all
79%
for
79%
me
79%
on
79%
she
79%
them
79%
be
71%
from
71%
if
71%
If
71%
It’s
71%
my
71%
So
71%
that
71%
too
71%
are
64%
But
64%
how
64%
of
64%
this
64%
where
64%
don’t
57%
she’s
57%
look
50%
time
50%
with
50%
won’t
50%
Won’t
50%
would
50%
around
43%
day
43%
here
43%
know
43%
tell
43%
always
36%
because
36%
‘Cause
36%
ever
36%
every
36%
gonna
36%
just
36%
gets
29%
give
29%
make
29%
out
29%
Said
29%
take
29%
tonight
29%
under
29%
Until
29%
way
29%
alright
21%
away
21%
baby
21%
mind
21%
miss
21%
much
21%
sleepin’
21%
baby’s
14%
dreams
14%
far
14%
find
14%
ground
14%
Hey
14%
home
14%
keep
14%
pain
14%
peace
14%
rough
14%
sky
14%
song
14%
sounds
14%
strange
14%
sure
14%
sweet
14%
things
14%
try
14%
warm
14%
ya
14%
across
7%
along
7%
cry
7%
dry
7%
feet
7%
guide
7%
hates
7%
Lord,
7%
pray
7%
rain
7%
roads
7%
sea
7%
softer
7%

Score Distribution

Percentile by Number Answered

Percent of People with Each Score

Your Score History

You have not taken this quiz